Sets and proofs : invited papers from Logic Colloquim '97, European Meeting of the Association for Symbolic Logic, Leeds, July 1997
Saved in:
| Corporate Authors: | , |
|---|---|
| Other Authors: | , |
| Format: | Conference Proceeding Book |
| Language: | English |
| Published: |
Cambbridge ; New York :
Cambridge University Press,
1999.
|
| Series: | London Mathematical Society lecture note series ;
258 |
| Subjects: | |
| Tags: |
Add Tag
No Tags, Be the first to tag this record!
|
MARC
| LEADER | 00000cam a2200000 i 4500 | ||
|---|---|---|---|
| 001 | 1/9589 | ||
| 008 | 000822s1999 enk| ||| |||| ||eng|| | ||
| 020 | |a 0521635497 | ||
| 035 | |l 10063118 | ||
| 040 | |a GR-MyUa |b gre |e AACR2 | ||
| 041 | 0 | |a eng | |
| 082 | 7 | |a 511.322 |2 (22) | |
| 111 | 2 | |a Logic Colloguium |d (1997 : |c Leeds, England) | |
| 245 | 1 | 0 | |a Sets and proofs : |b invited papers from Logic Colloquim '97, European Meeting of the Association for Symbolic Logic, Leeds, July 1997 / |c edited by S. Barry Cooper, John K. Truss. |
| 260 | |a Cambbridge ; |a New York : |b Cambridge University Press, |c 1999. | ||
| 300 | |a ix, 436 σ. : |b εικ. ; |c 23 εκ. | ||
| 490 | 1 | |a (London Mathematical Society lecture note series ; |v 258) | |
| 504 | |a Περιλαμβάνει βιβλιογραφικές παραπομπές. | ||
| 650 | 0 | |a Set theory |x Congresses. | |
| 650 | 0 | |a Proof theory |x Congresses. | |
| 700 | 1 | |a Cooper, S. B. |q (S. Barry) |e edt | |
| 700 | 1 | |a Truss, J. K. |e edt | |
| 710 | 2 | |a Association for Symbolic Logic. | |
| 830 | 0 | |a London Mathematical Society lecture note series ; |v 258 | |
| 852 | |a INST |b SAMOS |e 20000822 |h 511.322 LOG |p 005300018994 |q 005300018994 |t BK |y 0 | ||
| 901 | |a BIBL3-2000-2 | ||
| 922 | |a 3ΕΛΗ |b 200007 |c ΤΜΗΜΑ ΜΑΘΗΜΑΤΙΚΩΝ |d ΠΑΠΑΣΩΤΗΡΙΟΥ | ||
| 950 | |a 116-2000-01-19 | ||
| 970 | |a ΜΑΛΑΓΑΡΗ |b ΦΩΤΕΙΝΗ |z 2000/08/24 | ||